[Event "Tournoi International du Pays de Charleroi 2018"]
[Site "Roux, Belgium"]
[Date "2018.08.04"]
[Round "9.24"]
[White "Chauvon, Guillaume"]
[Black "Mulder, Bart-Piet"]
[Result "1-0"]
[WhiteElo "2013"]
[BlackElo "2176"]

1. Nf3 {[%clk 01:30:56]} {[%emt 00:00:02]} Nf6 {[%clk 01:23:03]} {[%emt
00:07:58]} 2. c4 {[%clk 01:31:19]} {[%emt 00:00:08]} c5 {[%clk 01:23:16]}
{[%emt 00:00:16]} 3. Nc3 {[%clk 01:31:43]} {[%emt 00:00:06]} b6 {[%clk
01:22:22]} {[%emt 00:01:24]} 4. g3 {[%clk 01:31:25]} {[%emt 00:00:49]} Bb7
{[%clk 01:22:48]} {[%emt 00:00:04]} 5. Bg2 {[%clk 01:31:46]} {[%emt 00:00:08]}
e6 {[%clk 01:23:14]} {[%emt 00:00:04]} 6. O-O {[%clk 01:31:59]} {[%emt
00:00:17]} Be7 {[%clk 01:23:38]} {[%emt 00:00:06]} 7. d4 {[%clk 01:32:11]}
{[%emt 00:00:17]} cxd4 {[%clk 01:24:05]} {[%emt 00:00:04]} 8. Qxd4 {[%clk
01:32:31]} {[%emt 00:00:11]} d6 {[%clk 01:22:59]} {[%emt 00:01:36]} 9. Rd1
{[%clk 01:31:37]} {[%emt 00:01:23]} a6 {[%clk 01:22:56]} {[%emt 00:00:33]} 10.
b3 {[%clk 01:31:23]} {[%emt 00:00:44]} Nbd7 {[%clk 01:23:12]} {[%emt 00:00:14]}
11. e4 {[%clk 01:28:24]} {[%emt 00:03:29]} Qc7 {[%clk 01:23:17]} {[%emt
00:00:24]} 12. Ba3 {[%clk 01:20:42]} {[%emt 00:08:12]} Nc5 {[%clk 01:22:06]}
{[%emt 00:01:42]} 13. e5 {[%clk 01:20:17]} {[%emt 00:00:55]} dxe5 {[%clk
01:20:52]} {[%emt 00:01:45]} 14. Qxe5 {[%clk 01:20:42]} {[%emt 00:00:04]} Qc8
{[%clk 01:05:15]} {[%emt 00:16:07]} 15. Bb2 {[%clk 01:05:35]} {[%emt 00:15:37]}
O-O {[%clk 00:53:42]} {[%emt 00:12:01]} 16. Nd5 {[%clk 00:58:30]} {[%emt
00:07:36]} exd5 {[%clk 00:53:46]} {[%emt 00:00:27]} 17. Qxe7 {[%clk 00:58:50]}
{[%emt 00:00:11]} Re8 {[%clk 00:53:26]} {[%emt 00:00:49]} 18. Qd6 {[%clk
00:59:13]} {[%emt 00:00:07]} dxc4 {[%clk 00:38:37]} {[%emt 00:15:18]} 19. bxc4
{[%clk 00:42:25]} {[%emt 00:17:19]} Re6 {[%clk 00:29:34]} {[%emt 00:09:33]} 20.
Qd2 {[%clk 00:35:01]} {[%emt 00:07:54]} Nce4 {[%emt 00:01:23]} 21. Qb4 {[%clk
00:34:21]} {[%emt 00:01:08]} a5 {[%clk 00:27:42]} {[%emt 00:01:31]} 22. Qb3
{[%clk 00:32:55]} {[%emt 00:01:55]} Qc5 {[%clk 00:20:02]} {[%emt 00:08:11]} 23.
Bd4 {[%clk 00:29:39]} {[%emt 00:03:46]} Qh5 {[%clk 00:19:31]} {[%emt 00:01:00]}
24. Bxb6 {[%clk 00:18:30]} {[%emt 00:11:40]} a4 {[%clk 00:18:32]} {[%emt
00:01:30]} 25. Qd3 {[%clk 00:18:26]} {[%emt 00:00:33]} Rd6 {[%clk 00:14:28]}
{[%emt 00:04:34]} 26. Bd4 {[%clk 00:17:54]} {[%emt 00:01:02]} Rad8 {[%clk
00:14:16]} {[%emt 00:00:42]} 27. Qe2 {[%clk 00:15:45]} {[%emt 00:02:39]} h6
{[%clk 00:07:51]} {[%emt 00:06:55]} 28. Bxf6 {[%clk 00:14:23]} {[%emt
00:01:53]} gxf6 {[%clk 00:07:17]} {[%emt 00:01:03]} 29. Rxd6 {[%clk 00:13:56]}
{[%emt 00:00:58]} Rxd6 {[%clk 00:07:46]} 30. Rd1 {[%clk 00:12:16]} {[%emt
00:02:10]} Qc5 {[%clk 00:03:37]} {[%emt 00:04:39]} 31. Rxd6 {[%clk 00:11:28]}
{[%emt 00:01:18]} Nxd6 {[%clk 00:03:37]} {[%emt 00:00:30]} 32. Qe7 {[%clk
00:11:31]} {[%emt 00:00:27]} Bxf3 {[%clk 00:00:59]} {[%emt 00:03:08]} 33. Bxf3
{[%clk 00:11:53]} {[%emt 00:00:08]} Qd4 {[%clk 00:00:42]} {[%emt 00:00:46]} 34.
Bd5 {[%clk 00:11:20]} {[%emt 00:01:04]} Qb6 {[%clk 00:00:34]} {[%emt 00:00:38]}
35. Bg2 {[%emt 00:04:42]} 1-0

[Event "Tournoi International du Pays de Charleroi 2018"]
[Site "Roux, Belgium"]
[Date "2018.08.04"]
[Round "9.15"]
[White "Goormachtigh, Johan"]
[Black "Van Malder, Dries"]
[Result "1/2-1/2"]
[WhiteElo "2148"]
[BlackElo "2126"]

1. d4 {[%clk 01:30:57]} {[%emt 00:00:02]} Nf6 {[%clk 01:30:51]} {[%emt
00:00:09]} 2. c4 {[%clk 01:31:07]} {[%emt 00:00:20]} e6 {[%clk 01:31:12]}
{[%emt 00:00:08]} 3. Nf3 {[%clk 01:31:05]} {[%emt 00:00:33]} Bb4+ {[%clk
01:31:34]} {[%emt 00:00:09]} 4. Bd2 {[%clk 01:30:53]} {[%emt 00:00:41]} Qe7
{[%clk 01:31:56]} {[%emt 00:00:08]} 5. g3 {[%clk 01:29:00]} {[%emt 00:02:23]}
O-O {[%clk 01:32:15]} {[%emt 00:00:10]} 6. Bg2 {[%clk 01:26:46]} {[%emt
00:02:45]} Bxd2+ {[%clk 01:32:35]} {[%emt 00:00:09]} 7. Qxd2 {[%clk 01:25:08]}
{[%emt 00:02:09]} d6 {[%clk 01:32:55]} {[%emt 00:00:09]} 8. Nc3 {[%clk
01:25:08]} {[%emt 00:00:29]} e5 {[%clk 01:32:36]} {[%emt 00:00:50]} 9. O-O
{[%clk 01:21:48]} {[%emt 00:03:50]} Re8 {[%clk 01:16:40]} {[%emt 00:16:26]} 10.
e4 {[%clk 01:07:14]} {[%emt 00:15:05]} Bg4 {[%clk 00:57:11]} {[%emt 00:19:58]}
11. d5 {[%clk 00:45:38]} {[%emt 00:22:06]} Bxf3 {[%clk 00:55:11]} {[%emt
00:02:31]} 12. Bxf3 {[%clk 00:46:07]} {[%emt 00:00:02]} a5 {[%clk 00:40:49]}
{[%emt 00:14:51]} 13. h4 {[%clk 00:39:41]} {[%emt 00:06:55]} Nbd7 {[%clk
00:39:12]} {[%emt 00:02:07]} 14. Kg2 {[%clk 00:39:36]} {[%emt 00:00:36]} Nc5
{[%clk 00:38:41]} {[%emt 00:00:59]} 15. Rh1 {[%clk 00:38:33]} {[%emt 00:01:34]}
Rf8 {[%clk 00:34:47]} {[%emt 00:04:24]} 16. Rae1 {[%clk 00:33:23]} {[%emt
00:05:40]} b6 {[%clk 00:29:55]} {[%emt 00:05:22]} 17. Bd1 {[%clk 00:25:19]}
{[%emt 00:08:34]} Rae8 {[%clk 00:28:36]} {[%emt 00:01:49]} 18. Rh3 {[%clk
00:19:22]} {[%emt 00:06:26]} Qd7 {[%clk 00:21:10]} {[%emt 00:07:56]} 19. b3
{[%clk 00:14:54]} {[%emt 00:04:59]} c6 {[%clk 00:09:42]} {[%emt 00:11:58]} 20.
Rhh1 {[%clk 00:08:56]} {[%emt 00:06:28]} cxd5 {[%clk 00:08:16]} {[%emt
00:01:57]} 1/2-1/2

[Event "Tournoi International du Pays de Charleroi 2018"]
[Site "Roux, Belgium"]
[Date "2018.08.04"]
[Round "9.9"]
[White "Dauw, Sterre"]
[Black "Hamblok, Roel"]
[Result "1/2-1/2"]
[BlackTitle "FM"]
[WhiteElo "2192"]
[BlackElo "2286"]

1. e4 {[%clk 01:30:58]} c6 {[%clk 01:30:25]} {[%emt 00:00:35]} 2. c4 {[%clk
01:31:09]} {[%emt 00:00:20]} d5 {[%clk 01:30:42]} {[%emt 00:00:14]} 3. cxd5
{[%clk 01:31:33]} {[%emt 00:00:07]} cxd5 {[%clk 01:31:08]} {[%emt 00:00:01]} 4.
exd5 {[%clk 01:31:53]} {[%emt 00:00:09]} Nf6 {[%clk 01:31:33]} {[%emt
00:00:05]} 5. Nc3 {[%clk 01:32:18]} {[%emt 00:00:06]} Nxd5 {[%clk 01:31:49]}
{[%emt 00:00:13]} 6. Bc4 {[%clk 01:32:35]} {[%emt 00:00:14]} Nb6 {[%clk
01:26:33]} {[%emt 00:05:45]} 7. Bb3 {[%clk 01:32:03]} {[%emt 00:01:02]} Nc6
{[%clk 01:26:57]} {[%emt 00:00:06]} 8. Nf3 {[%clk 01:32:24]} {[%emt 00:00:08]}
Bf5 {[%clk 01:18:03]} {[%emt 00:09:24]} 9. d4 {[%clk 01:32:39]} {[%emt
00:00:16]} e6 {[%clk 01:18:28]} {[%emt 00:00:04]} 10. O-O {[%clk 01:33:04]}
{[%emt 00:00:04]} Be7 {[%clk 01:18:44]} {[%emt 00:00:15]} 11. Bf4 {[%clk
01:33:05]} {[%emt 00:00:30]} O-O {[%clk 01:17:35]} {[%emt 00:01:39]} 12. d5
{[%clk 01:30:48]} {[%emt 00:02:47]} exd5 {[%clk 01:14:22]} {[%emt 00:03:42]} 13.
Nxd5 {[%clk 01:30:46]} {[%emt 00:00:31]} Nxd5 {[%clk 01:14:35]} {[%emt
00:00:18]} 14. Qxd5 {[%clk 01:31:03]} {[%emt 00:00:13]} Be6 {[%clk 00:58:56]}
{[%emt 00:16:09]} 15. Qxd8 {[%clk 01:25:06]} {[%emt 00:06:27]} Raxd8 {[%clk
00:57:47]} 16. Bxe6 {[%clk 01:25:27]} {[%emt 00:01:49]} fxe6 {[%clk 00:58:15]}
{[%emt 00:00:02]} 17. Be3 {[%clk 01:25:44]} {[%emt 00:00:12]} Bf6 {[%clk
00:58:19]} {[%emt 00:00:26]} 18. Rad1 {[%clk 01:26:09]} {[%emt 00:00:05]} Rd5
{[%clk 00:54:10]} {[%emt 00:04:39]} 19. Rxd5 {[%clk 01:19:20]} {[%emt
00:07:19]} exd5 {[%clk 00:54:01]} {[%emt 00:00:39]} 20. Rd1 {[%clk 01:19:45]}
{[%emt 00:00:05]} d4 {[%clk 00:46:50]} {[%emt 00:07:41]} 21. Bg5 {[%clk
01:19:22]} {[%emt 00:00:53]} Kf7 {[%clk 00:37:59]} {[%emt 00:09:21]} 1/2-1/2

[Event "Tournoi International du Pays de Charleroi 2018"]
[Site "Roux, Belgium"]
[Date "2018.08.04"]
[Round "9.28"]
[White "Hafner, Christian"]
[Black "Bruno, Ricardo"]
[Result "1-0"]
[WhiteElo "2072"]
[BlackElo "1989"]

1. e4 {[%clk 01:30:51]} {[%emt 00:00:07]} c5 {[%clk 01:30:51]} {[%emt
00:00:10]} 2. Nf3 {[%clk 01:31:08]} {[%emt 00:00:14]} d6 {[%clk 01:31:15]}
{[%emt 00:00:04]} 3. Bb5+ {[%clk 01:31:23]} {[%emt 00:00:15]} Nc6 {[%clk
01:30:51]} {[%emt 00:00:55]} 4. O-O {[%clk 01:31:17]} {[%emt 00:00:35]} Nf6
{[%clk 01:31:07]} {[%emt 00:00:14]} 5. e5 {[%clk 01:27:32]} {[%emt 00:04:15]}
dxe5 {[%clk 01:28:43]} {[%emt 00:02:54]} 6. Nxe5 {[%clk 01:27:52]} {[%emt
00:00:10]} Qc7 {[%clk 01:15:32]} {[%emt 00:13:41]} 7. Qf3 {[%clk 01:26:42]}
{[%emt 00:01:41]} Qxe5 {[%clk 01:10:23]} {[%emt 00:05:40]} 8. Bxc6+ {[%clk
01:26:18]} {[%emt 00:00:53]} Bd7 {[%clk 01:10:41]} {[%emt 00:00:13]} 9. Bxd7+
{[%clk 01:24:22]} {[%emt 00:02:25]} Nxd7 {[%clk 01:11:04]} {[%emt 00:00:06]} 10.
Qxb7 {[%clk 01:20:12]} {[%emt 00:04:41]} Rb8 {[%clk 01:11:28]} {[%emt
00:00:06]} 11. Qxa7 {[%clk 01:19:40]} {[%emt 00:01:02]} e6 {[%clk 01:11:55]}
{[%emt 00:00:03]} 12. Na3 {[%clk 01:03:19]} {[%emt 00:16:52]} Bd6 {[%clk
01:11:24]} {[%emt 00:01:00]} 13. g3 {[%clk 01:02:18]} {[%emt 00:01:31]} Qd5
{[%clk 01:03:59]} {[%emt 00:07:55]} 14. Qa4 {[%clk 00:49:49]} {[%emt 00:12:59]}
Rb4 {[%clk 01:03:10]} {[%emt 00:01:19]} 15. c4 {[%clk 00:50:08]} {[%emt
00:00:10]} Qb7 {[%clk 00:55:26]} {[%emt 00:08:15]} 16. Qd1 {[%clk 00:46:45]}
{[%emt 00:03:53]} Ne5 {[%clk 00:55:47]} {[%emt 00:00:08]} 17. f3 {[%clk
00:46:07]} {[%emt 00:01:08]} Nxc4 {[%clk 00:53:36]} {[%emt 00:02:42]} 18. Nxc4
{[%clk 00:44:37]} {[%emt 00:01:59]} Rxc4 {[%clk 00:53:43]} {[%emt 00:00:24]} 19.
b3 {[%clk 00:43:50]} {[%emt 00:01:17]} Rd4 {[%clk 00:51:33]} {[%emt 00:02:38]}
20. Bb2 {[%clk 00:43:18]} {[%emt 00:01:03]} Rd3 {[%clk 00:51:59]} {[%emt
00:00:05]} 21. Qe2 {[%clk 00:41:05]} {[%emt 00:02:42]} Qd5 {[%clk 00:51:59]}
{[%emt 00:00:31]} 22. Bc3 {[%clk 00:41:03]} {[%emt 00:00:32]} O-O {[%clk
00:48:27]} {[%emt 00:04:02]} 23. Kg2 {[%clk 00:35:33]} {[%emt 00:05:59]} Rd8
{[%clk 00:39:59]} {[%emt 00:08:57]} 24. Qe4 {[%clk 00:31:58]} {[%emt 00:04:05]}
Be7 {[%clk 00:31:58]} {[%emt 00:08:32]} 25. Qxd5 {[%clk 00:31:41]} {[%emt
00:00:47]} R8xd5 {[%clk 00:30:16]} {[%emt 00:02:13]} 26. Rf2 {[%clk 00:27:43]}
{[%emt 00:04:28]} Bf6 {[%clk 00:30:22]} {[%emt 00:00:24]} 27. Rc1 {[%clk
00:27:54]} {[%emt 00:00:18]} Kf8 {[%clk 00:30:21]} {[%emt 00:00:32]} 28. a4
{[%clk 00:23:25]} {[%emt 00:04:58]} Bd4 {[%clk 00:28:37]} {[%emt 00:02:14]} 29.
Re2 {[%clk 00:17:29]} {[%emt 00:06:26]} Ke7 {[%clk 00:28:27]} {[%emt 00:00:40]}
30. a5 {[%clk 00:13:43]} {[%emt 00:04:16]} Rd7 {[%clk 00:25:41]} {[%emt
00:03:17]} 31. b4 {[%clk 00:11:58]} {[%emt 00:02:16]} cxb4 {[%clk 00:25:31]}
{[%emt 00:00:39]} 32. Bxb4+ {[%clk 00:12:25]} {[%emt 00:00:03]} Kf6 {[%clk
00:25:44]} {[%emt 00:00:17]} 33. Rc2 {[%clk 00:11:10]} {[%emt 00:01:45]} g5
{[%clk 00:22:25]} {[%emt 00:03:48]} 34. Re4 {[%clk 00:07:24]} {[%emt 00:04:16]}
Kg6 {[%clk 00:19:38]} {[%emt 00:03:17]} 35. h4 {[%clk 00:05:04]} {[%emt
00:02:50]} h6 {[%clk 00:18:19]} {[%emt 00:01:49]} 36. hxg5 {[%clk 00:05:28]}
{[%emt 00:00:06]} hxg5 {[%clk 00:18:39]} {[%emt 00:00:09]} 37. Bc3 {[%clk
00:04:53]} {[%emt 00:01:06]} Bxc3 {[%clk 00:12:22]} {[%emt 00:06:47]} 38. dxc3
{[%clk 00:05:19]} {[%emt 00:00:03]} Rc7 {[%clk 00:12:43]} {[%emt 00:00:11]} 39.
Ra4 {[%clk 00:03:22]} {[%emt 00:02:27]} Rdxc3 {[%clk 00:12:46]} {[%emt
00:00:27]} 40. Rxc3 {[%clk 00:03:44]} {[%emt 00:00:07]} Rxc3 {[%clk 00:13:13]}
{[%emt 00:00:03]} 41. a6 {[%clk 00:02:46]} {[%emt 00:01:28]} Rc2+ {[%clk
00:11:29]} {[%emt 00:02:14]} 42. Kf1 {[%clk 00:30:26]} {[%emt 00:02:50]} Rc8
{[%clk 00:41:54]} {[%emt 00:00:05]} 43. a7 {[%clk 00:30:44]} {[%emt 00:00:12]}
Ra8 {[%clk 00:42:22]} {[%emt 00:00:02]} 44. Ke2 {[%clk 00:30:21]} {[%emt
00:00:53]} Kf6 {[%clk 00:42:17]} {[%emt 00:00:36]} 45. Ke3 {[%clk 00:29:49]}
{[%emt 00:01:02]} Ke7 {[%clk 00:42:39]} {[%emt 00:00:08]} 46. Kd4 {[%clk
00:29:20]} {[%emt 00:00:59]} Kd7 {[%clk 00:41:49]} {[%emt 00:01:19]} 47. Ke5
{[%clk 00:27:20]} {[%emt 00:02:30]} Ke7 {[%clk 00:42:08]} {[%emt 00:00:11]} 48.
Ra6 {[%clk 00:27:32]} {[%emt 00:00:18]} f6+ {[%clk 00:42:27]} {[%emt 00:00:12]}
49. Kd4 {[%clk 00:27:55]} {[%emt 00:00:06]} Kd7 {[%clk 00:42:41]} {[%emt
00:00:16]} 50. Kc5 {[%clk 00:28:10]} {[%emt 00:00:15]} g4 {[%clk 00:37:06]}
{[%emt 00:06:05]} 51. fxg4 {[%clk 00:25:46]} {[%emt 00:02:55]} Kc7 {[%clk
00:31:30]} {[%emt 00:06:06]} 52. Rxe6 {[%clk 00:24:39]} {[%emt 00:01:35]} Kb7
{[%clk 00:31:46]} {[%emt 00:00:15]} 53. Re7+ {[%clk 00:22:55]} {[%emt
00:02:14]} Ka6 {[%clk 00:32:11]} {[%emt 00:00:05]} 54. Kd6 {[%clk 00:23:08]}
{[%emt 00:00:16]} 1-0

[Event "Tournoi International du Pays de Charleroi 2018"]
[Site "Roux, Belgium"]
[Date "2018.08.04"]
[Round "9.22"]
[White "Kasparova, Tatiana"]
[Black "Geuquet, Michael"]
[Result "1/2-1/2"]
[WhiteTitle "WFM"]
[WhiteElo "2090"]
[BlackElo "1912"]

1. e4 {[%clk 01:30:59]} {[%emt 00:40:01]} c5 {[%clk 01:30:53]} {[%emt
00:00:07]} 2. Nf3 {[%clk 01:31:25]} {[%emt 00:00:04]} g6 {[%clk 01:31:17]}
{[%emt 00:00:06]} 3. c4 {[%clk 01:31:46]} {[%emt 00:00:11]} Bg7 {[%clk
01:31:37]} {[%emt 00:00:09]} 4. d4 {[%clk 01:31:49]} {[%emt 00:00:26]} cxd4
{[%clk 01:32:01]} {[%emt 00:00:07]} 5. Nxd4 {[%clk 01:32:16]} {[%emt 00:00:02]}
Nc6 {[%clk 01:32:16]} {[%emt 00:00:15]} 6. Be3 {[%clk 01:31:46]} {[%emt
00:01:01]} Nf6 {[%clk 01:32:24]} {[%emt 00:00:21]} 7. Nc3 {[%clk 01:31:54]}
{[%emt 00:00:22]} d6 {[%clk 01:32:26]} {[%emt 00:00:28]} 8. Be2 {[%clk
01:31:30]} {[%emt 00:00:54]} O-O {[%clk 01:32:22]} {[%emt 00:00:35]} 9. O-O
{[%clk 01:27:29]} {[%emt 00:04:30]} Nxd4 {[%clk 01:31:24]} {[%emt 00:01:27]} 10.
Bxd4 {[%clk 01:27:49]} {[%emt 00:00:11]} Be6 {[%clk 01:31:02]} {[%emt
00:00:52]} 11. Rc1 {[%clk 01:27:39]} {[%emt 00:00:40]} Qa5 {[%clk 01:30:10]}
{[%emt 00:01:22]} 12. Qd2 {[%clk 01:17:56]} {[%emt 00:10:13]} Rfc8 {[%clk
01:28:14]} {[%emt 00:02:26]} 13. Nb1 {[%clk 01:06:52]} {[%emt 00:11:34]} Qxa2
{[%clk 01:15:16]} {[%emt 00:13:28]} 14. Qb4 {[%clk 01:01:35]} {[%emt 00:05:47]}
Nxe4 {[%clk 01:08:54]} {[%emt 00:06:52]} 15. Bxg7 {[%clk 01:01:46]} {[%emt
00:00:18]} Kxg7 {[%clk 01:09:19]} {[%emt 00:00:06]} 16. Qxb7 {[%clk 00:52:25]}
{[%emt 00:09:51]} Nc5 {[%clk 01:06:44]} {[%emt 00:03:04]} 17. Qxe7 {[%clk
00:48:41]} {[%emt 00:04:14]} a5 {[%clk 01:02:04]} {[%emt 00:05:11]} 18. Qxd6
{[%clk 00:47:42]} {[%emt 00:01:29]} Qxb2 {[%clk 01:01:49]} {[%emt 00:00:45]} 19.
Bf3 {[%clk 00:47:03]} {[%emt 00:01:09]} Ra6 {[%clk 01:00:07]} {[%emt 00:02:12]}
20. Qd1 {[%clk 00:46:10]} {[%emt 00:01:22]} a4 {[%clk 00:51:35]} {[%emt
00:09:02]} 21. Rc2 {[%clk 00:43:05]} {[%emt 00:03:35]} Qb4 {[%clk 00:43:58]}
{[%emt 00:08:08]} 22. Qd4+ {[%clk 00:43:07]} {[%emt 00:00:28]} Kg8 {[%clk
00:44:21]} {[%emt 00:00:07]} 23. Qc3 {[%clk 00:31:33]} {[%emt 00:12:05]} Rb6
{[%clk 00:38:17]} {[%emt 00:06:33]} 24. Na3 {[%clk 00:14:28]} {[%emt 00:17:34]}
Bf5 {[%clk 00:32:44]} {[%emt 00:06:03]} 25. Qxb4 {[%clk 00:14:34]} {[%emt
00:00:24]} Rxb4 {[%clk 00:33:09]} {[%emt 00:00:06]} 26. Ra2 {[%clk 00:14:58]}
{[%emt 00:00:06]} Nd3 {[%clk 00:20:08]} {[%emt 00:13:31]} 27. Bd5 {[%clk
00:11:08]} {[%emt 00:04:20]} Nf4 {[%clk 00:19:11]} {[%emt 00:01:26]} 28. Bf3
{[%clk 00:09:59]} {[%emt 00:01:40]} Be6 {[%clk 00:16:14]} {[%emt 00:03:25]} 29.
g3 {[%clk 00:07:06]} {[%emt 00:03:25]} Nd3 {[%clk 00:15:39]} {[%emt 00:01:04]}
30. Be2 {[%clk 00:06:03]} {[%emt 00:01:34]} Ne5 {[%clk 00:15:45]} {[%emt
00:00:23]} 31. Rc1 {[%clk 00:05:10]} {[%emt 00:01:23]} Nc6 {[%clk 00:11:16]}
{[%emt 00:04:59]} 32. Nc2 {[%clk 00:04:08]} {[%emt 00:01:33]} Rb3 {[%clk
00:06:35]} {[%emt 00:05:11]} 33. Rxa4 {[%clk 00:04:28]} {[%emt 00:00:10]} Rc3
{[%clk 00:06:41]} {[%emt 00:00:23]} 34. Ra3 {[%emt 00:00:58]} 1/2-1/2